| 000 | 00489nab a2200145Ia 4500 | ||
|---|---|---|---|
| 003 | ES-SlBCS | ||
| 005 | 20210601134616.0 | ||
| 008 | 140529s1992 xxu||||| |||| 00| 0 spa d | ||
| 041 | _aspa | ||
| 100 | 1 |
_aVillanueva P., Leoncio _9220359 |
|
| 245 | 0 | 0 |
_aIdeología griega y el Kerigma del cuerpo místico de San Pablo, clásico del helenismo _c Leoncio Villanueva P. |
| 650 | 0 | 4 |
_aIdeología Griega _9220360 |
| 773 | 0 |
_tAnthropos _gvol. 13, nº. 25, 1992, págs. 109-126 _wRev38 |
|
| 942 | _cAR | ||
| 999 |
_c615203 _d615203 |
||